[Event "Hamar CC-ch"]
[Site "Hamar"]
[Date "2007.03.15"]
[Round "6"]
[White "Natvik, Frederik"]
[Black "Ormasen, Odd Steinar"]
[Result "1-0"]
[WhiteElo "1522"]
[BlackElo "1818"]
[PlyCount "87"]
[EventDate "2007.01.04"]
[EventType "swiss"]
[EventRounds "9"]
[EventCountry "NOR"]
[SourceTitle "EXT 2024"]
[Source "ChessBase"]
[SourceDate "2023.10.10"]
[SourceVersion "1"]
[SourceVersionDate "2023.10.10"]
[SourceQuality "1"]

1. Nf3 Nf6 2. d4 e6 3. c4 b6 4. g3 Bb4+ 5. Nc3 Ba6 6. Qa4 Bxc3+ 7. bxc3 0-0 8. Bg2 Bb7 9. 0-0 d6 10. Bg5 Nbd7 11. Qc2 h6 12. Bxf6 Nxf6 13. Nd2 Bxg2 14. Kxg2 d5 15. e4 dxe4 16. Nxe4 Nxe4 17. Qxe4 Qd6 18. f4 c5 19. Rac1 Rad8 20. Rfd1 Rfe8 21. Qf3 Qc7 22. d5 exd5 23. cxd5 c4 24. Rd4 Rd6 25. Re4 Qd7 26. Rd1 b5 27. Qe3 Rd8 28. Re7 Qg4 29. Rd2 a6 30. Re8+ Kh7 31. Rxd8 Rxd8 32. d6 Qe6 33. Qxe6 fxe6 34. Kf3 Kg6 35. Ke4 Kf6 36. g4 b4 37. g5+ Kf7 38. Ke5 a5 39. g6+ Kxg6 40. Kxe6 b3 41. Ke7 a4 42. Kxd8 a3 43. Kc7 b2 44. Rd1 1-0

[Event "Hamar CC-ch"]
[Site "Hamar"]
[Date "2007.03.01"]
[Round "5"]
[White "Wago, Anders"]
[Black "Natvik, Frederik"]
[Result "0-1"]
[WhiteElo "1715"]
[BlackElo "1522"]
[PlyCount "62"]
[EventDate "2007.01.04"]
[EventType "swiss"]
[EventRounds "9"]
[EventCountry "NOR"]
[SourceTitle "EXT 2024"]
[Source "ChessBase"]
[SourceDate "2023.10.10"]
[SourceVersion "1"]
[SourceVersionDate "2023.10.10"]
[SourceQuality "1"]

1. e4 d5 2. exd5 Qxd5 3. Nc3 Qa5 4. d4 c6 5. Bc4 Nf6 6. Nge2 Bf5 7. 0-0 e6 8. Ng3 Bg6 9. Qe2 Qc7 10. f4 Qe7 11. a4 Nbd7 12. b3 0-0-0 13. a5 h5 14. Ba3 Qe8 15. b4 h4 16. Nge4 Nxe4 17. Nxe4 Bxe4 18. Qxe4 Nf6 19. Qd3 Qd7 20. c3 Rh5 21. Bb3 Nd5 22. Rf3 g6 23. b5 Bxa3 24. Rxa3 cxb5 25. a6 b6 26. c4 Nb4 27. Qc3 Qxd4+ 28. Qxd4 Rxd4 29. cxb5 Rxb5 30. Ra1 Rc5 31. Re3 Nd5 0-1

[Event "Bergen Sommer op"]
[Site "Bergen"]
[Date "2003.08.06"]
[Round "4"]
[White "Kallesoe, Torben"]
[Black "Natvik, Frederik"]
[Result "1/2-1/2"]
[WhiteElo "1332"]
[BlackElo "1174"]
[PlyCount "36"]
[EventDate "2003.08.??"]
[EventType "swiss"]
[EventRounds "6"]
[EventCountry "NOR"]
[SourceTitle "EXT 2005"]
[Source "ChessBase"]
[SourceDate "2004.11.15"]
[SourceVersion "1"]
[SourceVersionDate "2004.11.15"]
[SourceQuality "1"]

1. d4 f5 2. Nf3 Nf6 3. g3 e6 4. Bg2 Nc6 5. 0-0 Be7 6. c4 d6 7. Nc3 0-0 8. a3 a5 9. Rb1 Bd7 10. Qb3 Qb8 11. Rd1 a4 12. Qc2 Nd8 13. e4 fxe4 14. Nxe4 Nxe4 15. Qxe4 c6 16. Ng5 Bxg5 17. Bxg5 e5 18. Qe2 exd4 1/2-1/2